| 000 | 00538pam a2200205 a 4500 | ||
|---|---|---|---|
| 020 | _c | ||
| 040 | _aMedical College Lib. | ||
| 041 |
_aENG _hENG |
||
| 082 |
_a614 _bGIR |
||
| 100 | _aGirolamo , G. De. . | ||
| 245 |
_aPersonality disorders / _c _hTextual Documents |
||
| 260 |
_a : _bWHO , _c1993. |
||
| 300 |
_a1186 ; _c |
||
| 365 | _aSW.Fr.11=90 | ||
| 653 |
_aMedical Science _aPreventive and Social Medicine |
||
| 700 | _aReich, J.H. . | ||
| 930 | _a5270 | ||
| 999 |
_c5269 _d5269 |
||